FIFA 22 team of the year - Statistics

General Stats
  • This quiz has been taken 34 times
  • The average score is 8 of 12
Answer Stats
Hint Answer % Correct
RW Messi
100%
Goat Ronaldo
100%
ST Mbappe
84%
CM De Bruyne
71%
CDM Kante
71%
ST Lewandowski
71%
GK Donnarumma
61%
CB Ruben Dias
55%
CM Jorginho
48%
RB Hakimi
42%
LB Cancelo
35%
CB Marquinhos
29%
No matching quizzes found
Score Distribution
Percent of People with Each Score
Percentile by Number Answered
Your Score History
You have not taken this quiz